[Event "Deutsche Ländermeisterschaft 2025"]
[Site "Oer-Erkenschwick GER"]
[Date "2025.10.05"]
[Round "7"]
[White "Langer, Paul Georg"]
[Black "van Arendonk, Polle"]
[Result "0-1"]
[Termination "normal"]
[Board "8.1"]
[WhiteElo "1987"]
[BlackElo "2105"]
[WhiteClock "00:00:35"]
[BlackClock "00:13:24"]
[WhiteTeam "Thüringen"]
[BlackTeam "Stichts-Gooise Schaakbond"]
[PlyCount "112"]
[WhiteFideId "16230051"]
[BlackFideId "1072048"]
[EventCountry "GER"]
[EventRounds "7"]
[EventType "team-swiss"]
[EventDate "2025.09.30"]

1. d4 {[%clk 01:30:58]} d6 {[%clk 01:30:57]} {[%emt 00:00:03]} 2. c4 {[%clk
01:31:12]} {[%emt 00:00:16]} Nf6 {[%clk 01:31:23]} {[%emt 00:00:04]} 3. Nc3
{[%clk 01:31:34]} {[%emt 00:00:09]} Nbd7 {[%clk 01:31:48]} {[%emt 00:00:05]} 4.
e4 {[%clk 01:31:44]} {[%emt 00:00:20]} e5 {[%clk 01:32:13]} {[%emt 00:00:04]}
5. d5 {[%clk 01:31:37]} {[%emt 00:00:36]} Be7 {[%clk 01:32:32]} {[%emt
00:00:12]} 6. Nge2 {[%clk 01:28:57]} {[%emt 00:03:11]} Nc5 {[%clk 01:23:32]}
{[%emt 00:09:29]} 7. f3 {[%clk 01:24:52]} {[%emt 00:04:36]} a5 {[%clk
01:23:30]} {[%emt 00:00:31]} 8. Be3 {[%clk 01:17:15]} {[%emt 00:08:07]} O-O
{[%clk 01:21:55]} {[%emt 00:02:05]} 9. g4 {[%clk 01:04:45]} {[%emt 00:13:00]}
Nfd7 {[%clk 01:08:39]} {[%emt 00:13:46]} 10. Ng3 {[%clk 00:59:28]} {[%emt
00:05:48]} Bg5 {[%clk 01:07:03]} {[%emt 00:02:04]} 11. Qd2 {[%clk 00:53:19]}
{[%emt 00:06:40]} Bxe3 {[%clk 00:58:56]} {[%emt 00:08:37]} 12. Qxe3 {[%clk
00:53:37]} {[%emt 00:00:12]} Qh4 {[%clk 00:58:37]} {[%emt 00:00:48]} 13. O-O-O
{[%clk 00:45:01]} {[%emt 00:09:06]} Nb8 {[%clk 00:55:08]} {[%emt 00:03:59]} 14.
Kb1 {[%clk 00:35:30]} {[%emt 00:10:02]} g6 {[%clk 00:51:51]} {[%emt 00:03:48]}
15. Rd2 {[%clk 00:30:51]} {[%emt 00:05:08]} Nba6 {[%clk 00:48:17]} {[%emt
00:04:04]} 16. Rg2 {[%clk 00:28:35]} {[%emt 00:02:47]} Bd7 {[%clk 00:44:50]}
{[%emt 00:03:57]} 17. Qd2 {[%clk 00:25:05]} {[%emt 00:04:00]} f6 {[%clk
00:33:28]} {[%emt 00:11:51]} 18. Be2 {[%clk 00:10:19]} {[%emt 00:15:15]} Kh8
{[%clk 00:32:03]} {[%emt 00:01:56]} 19. Nf1 {[%clk 00:06:37]} {[%emt 00:04:12]}
Rf7 {[%clk 00:24:28]} {[%emt 00:08:06]} 20. Ne3 {[%clk 00:04:13]} {[%emt
00:02:53]} Raf8 {[%clk 00:23:05]} {[%emt 00:01:52]} 21. Rg3 {[%clk 00:02:40]}
{[%emt 00:02:04]} f5 {[%clk 00:20:29]} {[%emt 00:03:07]} 22. Ng2 {[%clk
00:01:11]} {[%emt 00:02:00]} Qe7 {[%clk 00:20:24]} {[%emt 00:00:34]} 23. gxf5
{[%clk 00:00:55]} {[%emt 00:00:46]} gxf5 {[%clk 00:20:49]} {[%emt 00:00:05]}
24. Qh6 {[%clk 00:00:55]} {[%emt 00:00:30]} Rf6 {[%clk 00:19:28]} {[%emt
00:01:51]} 25. Qh5 {[%clk 00:00:54]} {[%emt 00:00:30]} Be8 {[%clk 00:17:21]}
{[%emt 00:02:37]} 26. Qg5 {[%clk 00:00:51]} {[%emt 00:00:34]} f4 {[%clk
00:17:03]} {[%emt 00:00:48]} 27. Rg4 {[%clk 00:00:44]} {[%emt 00:00:37]} Bd7
{[%clk 00:14:06]} {[%emt 00:03:27]} 28. h3 {[%clk 00:00:59]} {[%emt 00:00:15]}
Bxg4 {[%clk 00:12:40]} {[%emt 00:01:56]} 29. hxg4 {[%clk 00:01:28]} c6 {[%clk
00:07:33]} {[%emt 00:05:38]} 30. Nh4 {[%clk 00:01:15]} {[%emt 00:00:42]} Qg7
{[%clk 00:07:21]} {[%emt 00:00:41]} 31. Qxg7+ {[%clk 00:01:09]} {[%emt
00:00:37]} Kxg7 {[%clk 00:07:50]} {[%emt 00:00:01]} 32. Nf5+ {[%clk 00:01:20]}
{[%emt 00:00:19]} Kh8 {[%clk 00:08:18]} {[%emt 00:00:02]} 33. Rd1 {[%clk
00:01:04]} {[%emt 00:00:46]} Nc7 {[%clk 00:07:31]} {[%emt 00:01:17]} 34. dxc6
{[%clk 00:00:59]} {[%emt 00:00:35]} bxc6 {[%clk 00:08:00]} 35. Rxd6 {[%clk
00:00:50]} {[%emt 00:00:39]} Rxd6 {[%clk 00:08:03]} {[%emt 00:00:27]} 36. Nxd6
{[%clk 00:01:19]} {[%emt 00:00:02]} N7e6 {[%clk 00:07:52]} {[%emt 00:00:41]}
37. Nf5 {[%clk 00:00:48]} {[%emt 00:01:00]} Nd4 {[%clk 00:07:26]} {[%emt
00:00:56]} 38. Bd1 {[%clk 00:00:39]} {[%emt 00:00:39]} h5 {[%clk 00:04:40]}
{[%emt 00:03:16]} 39. gxh5 {[%clk 00:00:34]} {[%emt 00:00:36]} Nxf5 {[%clk
00:05:03]} {[%emt 00:00:07]} 40. exf5 {[%clk 00:01:02]} {[%emt 00:00:01]} Rxf5
{[%clk 00:05:22]} {[%emt 00:00:11]} 41. a3 {[%clk 00:11:26]} {[%emt 00:20:06]}
a4 {[%clk 00:30:04]} {[%emt 00:05:47]} 42. Nxa4 {[%clk 00:04:40]} {[%emt
00:07:17]} Nxa4 {[%clk 00:13:24]} {[%emt 00:17:10]} 43. Bxa4 {[%clk 00:05:08]}
{[%emt 00:00:02]} e4 {[%clk 00:13:46]} {[%emt 00:00:08]} 44. Bxc6 {[%clk
00:01:00]} {[%emt 00:04:39]} e3 {[%clk 00:14:12]} {[%emt 00:00:05]} 45. Kc2
{[%clk 00:01:22]} {[%emt 00:00:07]} Rxh5 {[%clk 00:14:35]} {[%emt 00:00:08]}
46. Kd1 {[%clk 00:01:28]} {[%emt 00:00:23]} Rh1+ {[%clk 00:14:34]} {[%emt
00:00:31]} 47. Ke2 {[%clk 00:01:52]} {[%emt 00:00:06]} Rh2+ {[%clk 00:15:00]}
{[%emt 00:00:04]} 48. Ke1 {[%clk 00:02:05]} {[%emt 00:00:16]} Rxb2 {[%clk
00:15:20]} {[%emt 00:00:10]} 49. a4 {[%clk 00:02:08]} {[%emt 00:00:28]} Kg7
{[%clk 00:14:05]} {[%emt 00:01:45]} 50. Bb5 {[%clk 00:02:16]} {[%emt 00:00:21]}
Kf6 {[%clk 00:13:16]} {[%emt 00:01:20]} 51. c5 {[%clk 00:01:23]} {[%emt
00:01:23]} Ke5 {[%clk 00:12:24]} {[%emt 00:01:22]} 52. c6 {[%clk 00:01:03]}
{[%emt 00:00:50]} Kd6 {[%clk 00:12:46]} {[%emt 00:00:07]} 53. Kd1 {[%clk
00:01:02]} {[%emt 00:00:32]} Kc7 {[%clk 00:13:06]} {[%emt 00:00:10]} 54. Ke1
{[%clk 00:00:35]} {[%emt 00:00:57]} Rc2 {[%clk 00:13:29]} {[%emt 00:00:06]} 55.
Bd3 {[%clk 00:00:33]} {[%emt 00:00:33]} Rc3 {[%clk 00:13:24]} {[%emt 00:00:34]}
56. Ke2 {[%clk 00:00:35]} {[%emt 00:00:28]} Rxd3 {[%emt 00:00:23]} 0-1

[Event "Deutsche Ländermeisterschaft 2025"]
[Site "Oer-Erkenschwick GER"]
[Date "2025.10.05"]
[Round "7"]
[White "Terlouw, Wouter"]
[Black "Sniegowski, Richard"]
[Result "1-0"]
[Termination "normal"]
[Board "8.2"]
[WhiteTitle "CM"]
[WhiteElo "2102"]
[BlackElo "1854"]
[WhiteClock "00:39:26"]
[BlackClock "00:30:41"]
[WhiteTeam "Stichts-Gooise Schaakbond"]
[BlackTeam "Thüringen"]
[PlyCount "47"]
[WhiteFideId "1087401"]
[BlackFideId "34664181"]
[EventCountry "GER"]
[EventRounds "7"]
[EventType "team-swiss"]
[EventDate "2025.09.30"]

1. d4 {[%clk 01:30:34]} {[%emt 00:00:25]} d5 {[%clk 01:30:55]} {[%emt
00:00:06]} 2. Bg5 {[%clk 01:30:42]} {[%emt 00:00:22]} g6 {[%clk 01:26:33]}
{[%emt 00:04:53]} 3. Nd2 {[%emt 00:04:49]} Bg7 {[%clk 01:26:41]} 4. e3 {[%clk
01:27:05]} {[%emt 00:00:10]} c5 {[%clk 01:25:41]} {[%emt 00:01:30]} 5. c3
{[%clk 01:26:37]} {[%emt 00:00:58]} Qb6 {[%clk 01:23:14]} {[%emt 00:02:58]} 6.
Ngf3 {[%clk 01:26:10]} {[%emt 00:00:55]} Nc6 {[%clk 01:20:46]} {[%emt
00:02:58]} 7. Qb3 {[%clk 01:24:39]} {[%emt 00:02:01]} e6 {[%clk 01:16:06]}
{[%emt 00:05:11]} 8. dxc5 {[%clk 01:22:37]} {[%emt 00:02:32]} Qxc5 {[%clk
01:16:08]} {[%emt 00:00:27]} 9. Bd3 {[%clk 01:22:33]} {[%emt 00:00:34]} Nge7
{[%clk 01:15:30]} {[%emt 00:01:08]} 10. e4 {[%clk 01:18:28]} {[%emt 00:04:35]}
O-O {[%clk 01:13:52]} {[%emt 00:02:08]} 11. O-O {[%clk 01:16:50]} {[%emt
00:02:08]} b6 {[%clk 01:11:46]} {[%emt 00:02:36]} 12. Rfe1 {[%clk 01:00:00]}
{[%emt 00:17:19]} h6 {[%clk 01:03:43]} {[%emt 00:08:34]} 13. exd5 {[%clk
00:50:57]} {[%emt 00:09:33]} hxg5 {[%clk 01:01:40]} {[%emt 00:02:33]} 14. dxc6
{[%clk 00:50:35]} {[%emt 00:00:52]} g4 {[%clk 00:56:33]} {[%emt 00:05:37]} 15.
Nd4 {[%clk 00:48:16]} {[%emt 00:02:50]} e5 {[%clk 00:51:17]} {[%emt 00:05:45]}
16. Ne4 {[%clk 00:47:43]} {[%emt 00:01:02]} Qa5 {[%clk 00:51:02]} {[%emt
00:00:45]} 17. Nb5 {[%clk 00:46:37]} {[%emt 00:01:37]} a6 {[%clk 00:42:12]}
{[%emt 00:09:20]} 18. Nbd6 {[%clk 00:44:21]} {[%emt 00:02:45]} Be6 {[%clk
00:35:57]} {[%emt 00:06:45]} 19. Bc4 {[%clk 00:41:59]} {[%emt 00:02:52]} Bxc4
{[%clk 00:32:51]} {[%emt 00:03:36]} 20. Nxc4 {[%clk 00:39:19]} {[%emt
00:03:10]} Qb5 {[%clk 00:32:49]} {[%emt 00:00:32]} 21. Nxb6 {[%clk 00:39:05]}
{[%emt 00:00:44]} Rad8 {[%clk 00:32:58]} {[%emt 00:00:20]} 22. Qxb5 {[%clk
00:38:44]} {[%emt 00:00:53]} axb5 {[%clk 00:33:18]} {[%emt 00:00:09]} 23. Nd7
{[%clk 00:39:09]} {[%emt 00:00:05]} Nxc6 {[%clk 00:30:41]} {[%emt 00:03:08]}
24. Nxf8 {[%clk 00:39:26]} {[%emt 00:00:12]} 1-0

[Event "Deutsche Ländermeisterschaft 2025"]
[Site "Oer-Erkenschwick GER"]
[Date "2025.10.05"]
[Round "7"]
[White "Apel, Linus"]
[Black "den Heijer, Rolinde"]
[Result "0-1"]
[Termination "normal"]
[Board "8.3"]
[WhiteElo "1902"]
[BlackElo "2065"]
[WhiteClock "00:03:56"]
[BlackClock "00:15:31"]
[WhiteTeam "Thüringen"]
[BlackTeam "Stichts-Gooise Schaakbond"]
[PlyCount "98"]
[WhiteFideId "16265785"]
[BlackFideId "1068300"]
[EventCountry "GER"]
[EventRounds "7"]
[EventType "team-swiss"]
[EventDate "2025.09.30"]

1. e4 {[%clk 01:30:57]} {[%emt 00:00:03]} c5 {[%clk 01:30:55]} {[%emt
00:00:05]} 2. Nf3 {[%clk 01:31:18]} {[%emt 00:00:10]} d6 {[%clk 01:31:19]}
{[%emt 00:00:05]} 3. d4 {[%clk 01:31:45]} {[%emt 00:00:04]} cxd4 {[%clk
01:31:44]} {[%emt 00:00:05]} 4. Nxd4 {[%clk 01:32:12]} {[%emt 00:00:03]} Nf6
{[%clk 01:32:05]} {[%emt 00:00:09]} 5. Nc3 {[%clk 01:32:37]} {[%emt 00:00:05]}
a6 {[%clk 01:32:29]} {[%emt 00:00:06]} 6. Be3 {[%clk 01:32:56]} {[%emt
00:00:11]} e5 {[%clk 01:32:40]} {[%emt 00:00:18]} 7. Nb3 {[%clk 01:33:21]}
{[%emt 00:00:06]} Be7 {[%clk 01:32:16]} {[%emt 00:00:53]} 8. f3 {[%clk
01:33:44]} {[%emt 00:00:08]} Be6 {[%clk 01:32:36]} {[%emt 00:00:10]} 9. Qd2
{[%clk 01:34:07]} {[%emt 00:00:06]} h5 {[%clk 01:32:59]} {[%emt 00:00:08]} 10.
Be2 {[%clk 01:34:21]} {[%emt 00:00:16]} Nbd7 {[%clk 01:33:10]} {[%emt
00:00:18]} 11. Nd5 {[%clk 01:34:42]} {[%emt 00:00:10]} Nxd5 {[%clk 01:31:06]}
{[%emt 00:02:33]} 12. exd5 {[%clk 01:35:10]} {[%emt 00:00:03]} Bf5 {[%clk
01:31:24]} {[%emt 00:00:12]} 13. O-O {[%clk 01:33:31]} {[%emt 00:02:09]} a5
{[%clk 01:30:33]} {[%emt 00:01:22]} 14. a4 {[%clk 01:31:43]} {[%emt 00:02:17]}
O-O {[%clk 01:30:18]} {[%emt 00:00:45]} 15. Bb5 {[%clk 01:31:50]} {[%emt
00:00:23]} Nf6 {[%clk 01:26:26]} {[%emt 00:04:22]} 16. c4 {[%clk 01:28:01]}
{[%emt 00:04:19]} b6 {[%clk 01:22:39]} {[%emt 00:04:17]} 17. Rac1 {[%clk
01:25:19]} {[%emt 00:03:13]} Nh7 {[%clk 01:17:28]} {[%emt 00:05:41]} 18. f4
{[%clk 01:12:23]} {[%emt 00:13:26]} exf4 {[%clk 01:10:58]} {[%emt 00:06:59]}
19. Bxf4 {[%clk 01:11:42]} {[%emt 00:01:11]} Bg6 {[%clk 01:04:36]} {[%emt
00:06:53]} 20. Nd4 {[%clk 01:01:14]} {[%emt 00:10:58]} Bg5 {[%clk 00:57:29]}
{[%emt 00:07:36]} 21. Nc6 {[%clk 00:56:27]} {[%emt 00:05:18]} Qf6 {[%clk
00:54:42]} {[%emt 00:03:17]} 22. Rce1 {[%clk 00:49:41]} {[%emt 00:07:15]} Kh8
{[%clk 00:46:43]} {[%emt 00:08:29]} 23. Ne7 {[%clk 00:25:06]} {[%emt 00:25:06]}
Bxf4 {[%clk 00:40:14]} {[%emt 00:06:59]} 24. Rxf4 {[%clk 00:24:41]} {[%emt
00:00:55]} Qg5 {[%clk 00:40:21]} {[%emt 00:00:22]} 25. Qd4 {[%clk 00:23:06]}
{[%emt 00:02:05]} Nf6 {[%clk 00:36:32]} {[%emt 00:04:19]} 26. Ref1 {[%clk
00:19:54]} {[%emt 00:03:43]} Rab8 {[%clk 00:33:04]} {[%emt 00:03:57]} 27. Nc6
{[%clk 00:19:59]} {[%emt 00:00:25]} Rbe8 {[%clk 00:31:31]} {[%emt 00:02:04]}
28. b4 {[%clk 00:07:32]} {[%emt 00:12:57]} Re2 {[%clk 00:27:46]} {[%emt
00:04:14]} 29. R4f2 {[%clk 00:07:33]} {[%emt 00:00:29]} Rfe8 {[%clk 00:26:35]}
{[%emt 00:01:42]} 30. c5 {[%clk 00:03:12]} {[%emt 00:04:51]} bxc5 {[%clk
00:23:02]} {[%emt 00:04:02]} 31. bxc5 {[%clk 00:03:20]} {[%emt 00:00:22]} Rxf2
{[%clk 00:20:41]} {[%emt 00:02:52]} 32. Qxf2 {[%clk 00:03:48]} {[%emt
00:00:01]} Ne4 {[%clk 00:18:01]} {[%emt 00:03:10]} 33. Qf4 {[%clk 00:02:08]}
{[%emt 00:02:10]} Qxd5 {[%clk 00:17:26]} {[%emt 00:01:05]} 34. cxd6 {[%clk
00:02:10]} {[%emt 00:00:29]} Nxd6 {[%clk 00:17:09]} {[%emt 00:00:46]} 35. Nxa5
{[%clk 00:01:09]} {[%emt 00:01:31]} Nxb5 {[%clk 00:15:28]} {[%emt 00:02:10]}
36. axb5 {[%clk 00:01:38]} {[%emt 00:00:02]} Qxb5 {[%clk 00:15:42]} {[%emt
00:00:17]} 37. Qc7 {[%clk 00:01:37]} {[%emt 00:00:30]} Kh7 {[%clk 00:11:21]}
{[%emt 00:04:51]} 38. Qc6 {[%clk 00:01:05]} {[%emt 00:01:03]} Qe2 {[%clk
00:11:01]} {[%emt 00:00:49]} 39. Qf3 {[%clk 00:00:48]} {[%emt 00:00:48]} Qe5
{[%clk 00:10:41]} {[%emt 00:00:49]} 40. Nb3 {[%clk 00:00:32]} {[%emt 00:00:46]}
Qd6 {[%clk 00:09:18]} {[%emt 00:01:52]} 41. Nc1 {[%clk 00:22:07]} {[%emt
00:08:56]} Re5 {[%clk 00:34:37]} {[%emt 00:05:10]} 42. Rd1 {[%clk 00:19:02]}
{[%emt 00:03:36]} Qe7 {[%clk 00:33:18]} {[%emt 00:01:47]} 43. Qf2 {[%clk
00:14:34]} {[%emt 00:04:59]} Bf5 {[%clk 00:28:21]} {[%emt 00:05:26]} 44. h3
{[%clk 00:12:59]} {[%emt 00:02:07]} Qe6 {[%clk 00:25:26]} {[%emt 00:03:24]} 45.
Rf1 {[%clk 00:08:14]} {[%emt 00:05:14]} g6 {[%clk 00:22:17]} {[%emt 00:03:39]}
46. Kh2 {[%clk 00:06:13]} {[%emt 00:02:33]} Kg8 {[%clk 00:19:00]} {[%emt
00:03:46]} 47. Qf4 {[%clk 00:06:03]} {[%emt 00:00:40]} Rb5 {[%clk 00:16:05]}
{[%emt 00:03:24]} 48. Kg1 {[%clk 00:04:44]} {[%emt 00:01:51]} Rb2 {[%clk
00:15:31]} {[%emt 00:01:03]} 49. Qd4 {[%clk 00:03:56]} {[%emt 00:01:18]} Rc2
{[%emt 00:05:38]} 0-1

[Event "Deutsche Ländermeisterschaft 2025"]
[Site "Oer-Erkenschwick GER"]
[Date "2025.10.05"]
[Round "7"]
[White "de Jong, Lode"]
[Black "Junge, Mattheo Gabriel"]
[Result "1-0"]
[Termination "normal"]
[Board "8.4"]
[WhiteTitle "CM"]
[WhiteElo "1978"]
[BlackElo "1946"]
[WhiteClock "00:26:40"]
[BlackClock "00:05:10"]
[WhiteTeam "Stichts-Gooise Schaakbond"]
[BlackTeam "Thüringen"]
[PlyCount "73"]
[WhiteFideId "40101860"]
[BlackFideId "34605908"]
[EventCountry "GER"]
[EventRounds "7"]
[EventType "team-swiss"]
[EventDate "2025.09.30"]

1. d4 {[%clk 01:30:56]} {[%emt 00:00:03]} Nf6 {[%clk 01:30:56]} {[%emt
00:00:04]} 2. c4 {[%clk 01:31:20]} {[%emt 00:00:06]} g6 {[%clk 01:31:23]}
{[%emt 00:00:04]} 3. Nc3 {[%clk 01:31:44]} {[%emt 00:00:05]} Bg7 {[%clk
01:31:49]} {[%emt 00:00:05]} 4. e4 {[%clk 01:32:08]} {[%emt 00:00:06]} d6
{[%clk 01:32:10]} {[%emt 00:00:09]} 5. h3 {[%clk 01:32:34]} {[%emt 00:00:04]}
O-O {[%clk 01:32:11]} {[%emt 00:00:29]} 6. Be3 {[%clk 01:33:00]} {[%emt
00:00:03]} e5 {[%clk 01:30:48]} {[%emt 00:01:53]} 7. d5 {[%clk 01:33:24]}
{[%emt 00:00:07]} Nbd7 {[%clk 01:29:51]} {[%emt 00:01:27]} 8. g4 {[%clk
01:31:54]} {[%emt 00:01:59]} Nc5 {[%clk 01:28:40]} {[%emt 00:01:42]} 9. f3
{[%clk 01:32:17]} {[%emt 00:00:06]} a5 {[%clk 01:28:03]} {[%emt 00:01:08]} 10.
Qd2 {[%clk 01:32:39]} {[%emt 00:00:08]} Nfd7 {[%clk 01:14:01]} {[%emt
00:14:31]} 11. h4 {[%clk 01:29:10]} {[%emt 00:03:59]} Nb6 {[%clk 01:11:18]}
{[%emt 00:03:14]} 12. O-O-O {[%clk 01:23:59]} {[%emt 00:05:41]} Nba4 {[%clk
01:07:40]} {[%emt 00:04:08]} 13. Nxa4 {[%clk 01:23:19]} {[%emt 00:01:10]} Nxa4
{[%clk 01:08:05]} {[%emt 00:00:05]} 14. h5 {[%clk 01:18:55]} {[%emt 00:04:53]}
Bd7 {[%clk 01:06:06]} {[%emt 00:02:30]} 15. g5 {[%clk 01:09:12]} {[%emt
00:10:13]} Bh8 {[%clk 01:04:37]} {[%emt 00:01:59]} 16. Bd3 {[%clk 01:04:20]}
{[%emt 00:05:22]} Qe8 {[%clk 01:02:44]} {[%emt 00:02:22]} 17. Qh2 {[%clk
00:54:31]} {[%emt 00:10:20]} Qe7 {[%clk 01:01:12]} {[%emt 00:02:00]} 18. Ne2
{[%clk 00:54:14]} {[%emt 00:00:48]} Rfb8 {[%clk 01:00:25]} {[%emt 00:01:18]}
19. b3 {[%clk 00:53:02]} {[%emt 00:01:42]} Nc5 {[%clk 01:00:16]} {[%emt
00:00:38]} 20. Bc2 {[%clk 00:53:26]} {[%emt 00:00:06]} b5 {[%clk 01:00:29]}
{[%emt 00:00:18]} 21. cxb5 {[%clk 00:53:48]} {[%emt 00:00:08]} Rxb5 {[%clk
00:59:57]} {[%emt 00:01:03]} 22. Nc3 {[%clk 00:54:08]} {[%emt 00:00:08]} Rb7
{[%clk 00:45:28]} {[%emt 00:15:00]} 23. Bxc5 {[%clk 00:45:50]} {[%emt
00:08:48]} dxc5 {[%clk 00:45:38]} {[%emt 00:00:20]} 24. d6 {[%clk 00:46:15]}
{[%emt 00:00:05]} cxd6 {[%clk 00:45:48]} {[%emt 00:00:20]} 25. Nd5 {[%clk
00:46:40]} {[%emt 00:00:05]} Qxg5+ {[%clk 00:45:17]} {[%emt 00:01:01]} 26. f4
{[%clk 00:47:03]} {[%emt 00:00:07]} Qh6 {[%clk 00:27:39]} {[%emt 00:18:07]} 27.
Qf2 {[%clk 00:45:24]} {[%emt 00:02:09]} Qg7 {[%clk 00:20:09]} {[%emt 00:08:00]}
28. f5 {[%clk 00:41:26]} {[%emt 00:04:28]} Bc6 {[%clk 00:18:38]} {[%emt
00:02:01]} 29. f6 {[%clk 00:33:28]} {[%emt 00:08:28]} Qf8 {[%clk 00:11:06]}
{[%emt 00:08:01]} 30. Ne3 {[%clk 00:31:37]} {[%emt 00:02:20]} a4 {[%clk
00:10:31]} {[%emt 00:01:06]} 31. Ng4 {[%clk 00:27:38]} {[%emt 00:04:29]} Qc8
{[%clk 00:05:14]} {[%emt 00:05:47]} 32. hxg6 {[%clk 00:26:24]} {[%emt
00:01:45]} fxg6 {[%clk 00:05:26]} {[%emt 00:00:18]} 33. f7+ {[%clk 00:26:28]}
{[%emt 00:00:26]} Kf8 {[%clk 00:05:09]} {[%emt 00:00:46]} 34. Rxh7 {[%clk
00:26:45]} {[%emt 00:00:12]} Bg7 {[%clk 00:05:19]} {[%emt 00:00:21]} 35. Rxg7
{[%clk 00:26:30]} {[%emt 00:00:46]} Qxg4 {[%clk 00:04:54]} {[%emt 00:00:55]}
36. Rg8+ {[%clk 00:26:49]} {[%emt 00:00:10]} Ke7 {[%clk 00:05:10]} {[%emt
00:00:14]} 37. f8=Q+ {[%clk 00:26:40]} {[%emt 00:00:39]} 1-0

[Event "Deutsche Ländermeisterschaft 2025"]
[Site "Oer-Erkenschwick GER"]
[Date "2025.10.05"]
[Round "7"]
[White "Ulrich, Helena Irene"]
[Black "Gergin, Isafara"]
[Result "1/2-1/2"]
[Termination "normal"]
[Board "8.5"]
[WhiteElo "1806"]
[BlackElo "1984"]
[WhiteClock "00:01:21"]
[BlackClock "00:00:56"]
[WhiteTeam "Thüringen"]
[BlackTeam "Stichts-Gooise Schaakbond"]
[PlyCount "73"]
[WhiteFideId "16256000"]
[BlackFideId "1082167"]
[EventCountry "GER"]
[EventRounds "7"]
[EventType "team-swiss"]
[EventDate "2025.09.30"]

1. e4 {[%clk 01:30:59]} c6 {[%clk 01:30:47]} {[%emt 00:00:14]} 2. Nf3 {[%clk
01:31:24]} {[%emt 00:00:05]} d5 {[%clk 01:31:06]} {[%emt 00:00:10]} 3. d3
{[%clk 01:31:50]} {[%emt 00:00:04]} Qc7 {[%clk 01:27:42]} {[%emt 00:03:53]} 4.
Nc3 {[%clk 01:32:04]} {[%emt 00:00:17]} dxe4 {[%clk 01:25:58]} {[%emt
00:02:14]} 5. dxe4 {[%clk 01:31:11]} {[%emt 00:01:23]} e5 {[%clk 01:24:30]}
{[%emt 00:01:58]} 6. Bc4 {[%clk 01:24:14]} {[%emt 00:07:28]} b5 {[%clk
01:23:08]} {[%emt 00:01:52]} 7. Bb3 {[%clk 01:20:05]} {[%emt 00:04:38]} h6
{[%clk 01:22:17]} {[%emt 00:01:22]} 8. h3 {[%clk 01:10:17]} {[%emt 00:10:18]}
Bc5 {[%clk 01:17:02]} {[%emt 00:05:43]} 9. Ne2 {[%clk 01:02:21]} {[%emt
00:08:27]} Nf6 {[%emt 00:04:10]} 10. Ng3 Nbd7 {[%clk 01:09:38]} {[%emt
00:04:33]} 11. O-O {[%clk 00:59:49]} {[%emt 00:03:13]} Bb6 {[%clk 01:06:59]}
{[%emt 00:03:08]} 12. c3 {[%clk 00:43:19]} {[%emt 00:17:01]} Nc5 {[%clk
01:01:39]} {[%emt 00:05:50]} 13. Bc2 {[%clk 00:43:43]} {[%emt 00:00:06]} Be6
{[%clk 00:57:07]} {[%emt 00:05:02]} 14. b3 {[%clk 00:40:28]} {[%emt 00:03:46]}
O-O {[%clk 00:52:40]} {[%emt 00:04:56]} 15. Qe2 {[%clk 00:38:57]} {[%emt
00:02:01]} a5 {[%clk 00:50:26]} {[%emt 00:02:43]} 16. Bb2 {[%clk 00:36:16]}
{[%emt 00:03:11]} Nfd7 {[%clk 00:34:13]} {[%emt 00:16:44]} 17. Nd2 {[%clk
00:30:01]} {[%emt 00:06:45]} Rfd8 {[%clk 00:25:51]} {[%emt 00:08:51]} 18. c4
{[%clk 00:24:47]} {[%emt 00:05:45]} b4 {[%clk 00:23:22]} {[%emt 00:02:59]} 19.
Nf5 {[%clk 00:24:36]} {[%emt 00:00:42]} Nf8 {[%clk 00:20:22]} {[%emt 00:03:29]}
20. Nf3 {[%clk 00:22:42]} {[%emt 00:02:24]} Ng6 {[%clk 00:20:02]} {[%emt
00:00:50]} 21. g3 {[%clk 00:16:30]} {[%emt 00:06:42]} f6 {[%clk 00:10:49]}
{[%emt 00:09:43]} 22. Kg2 {[%clk 00:13:34]} {[%emt 00:03:26]} Bf7 {[%clk
00:09:58]} {[%emt 00:01:21]} 23. N3h4 {[%clk 00:12:07]} {[%emt 00:01:57]} Ne6
{[%clk 00:08:17]} 24. Nxg6 {[%clk 00:05:34]} {[%emt 00:09:13]} Bxg6 {[%clk
00:08:39]} 25. Rad1 {[%clk 00:03:53]} {[%emt 00:02:19]} Bxf5 {[%clk 00:03:48]}
26. exf5 {[%clk 00:03:53]} Nd4 {[%clk 00:03:44]} {[%emt 00:06:00]} 27. Bxd4
{[%clk 00:04:24]} {[%emt 00:00:24]} Bxd4 {[%clk 00:04:01]} {[%emt 00:00:14]}
28. Be4 {[%clk 00:04:30]} {[%emt 00:00:24]} Qb6 {[%emt 00:01:34]} 29. Qf3
{[%clk 00:03:27]} {[%emt 00:01:29]} Rac8 {[%clk 00:02:59]} {[%emt 00:00:32]}
30. h4 {[%clk 00:03:06]} {[%emt 00:00:51]} Qc5 {[%clk 00:02:56]} {[%emt
00:00:32]} 31. Qh5 {[%clk 00:01:10]} {[%emt 00:02:27]} Qe7 {[%clk 00:02:34]}
{[%emt 00:00:52]} 32. g4 {[%clk 00:00:46]} {[%emt 00:00:55]} Qf7 {[%emt
00:01:14]} 33. Qxf7+ {[%clk 00:00:44]} {[%emt 00:00:01]} Kxf7 {[%clk 00:02:45]}
{[%emt 00:00:05]} 34. Rh1 {[%clk 00:00:55]} {[%emt 00:00:19]} Rd6 {[%clk
00:01:17]} {[%emt 00:01:58]} 35. Rh3 {[%clk 00:00:51]} {[%emt 00:00:34]} Rcd8
{[%clk 00:01:06]} {[%emt 00:00:40]} 36. Rhd3 {[%clk 00:01:07]} {[%emt
00:00:14]} Ke7 {[%clk 00:00:56]} {[%emt 00:00:40]} 37. h5 {[%clk 00:01:21]}
{[%emt 00:00:16]} 1/2-1/2